01003nam a2200253 i 4500003000900000005001700009007000300026008004100029020002100070040003000091082001400121100002900135245013300164246008400297264003900381300006900420336002600489337003200515338002800547500007700575504003500652700003000687700003200717DO-SdBNP20231116104011.0ta230704e2023 dr adc|| |||| 00| 0 spa d a9789945222616  aDO-SdBNPbspacBNPHUerda 4222bC965s1 aCuello, Zoraima,eautora10a7 riesgos de las redes sociales :bser ciudadanos en un mundo tecnológico /cZoraima Cuello ; prólogo, Cris y Dalisa Corcino aSiete riesgos de las redes sociales :bser ciudadanos en un mundo tecnológico 1aSanto Domingo :bUNICARIBE,c2023. a171 páginas :bIlustraciones, retrato, fotografías ;c23 cm. 2rdacontenatextobtxt 2rdamediaasin mediciónbn 2rdacarrieravolumenbnc aIncluye datos biográficos de la autora en las solapas de las cubiertas aBibliografía : p. 159 - 166 1 aCris, Corcino,eprólogo1 aCorcino, Dalisa,eprólogo